000 00546nam a22002057a 4500
003 OSt
005 20241014164906.0
008 160812b xxu||||| |||| 00| 0 eng d
020 _a0723420696
040 _c040a
082 _aWB 100 P44c 1995
100 _aPeters, Wallace; Gilles, Herbert M.
_92434
245 _aTropical Medicine and Parasitology
250 _a4th.ed
260 _aLondon;
_bMosby-Wolfe,
_c1995
300 _aviii, 258p;
_bcol.ill :
_c18 cm.
504 _aIncludes index
650 _aMedicine
_910613
942 _2z
_cO_SHELF
999 _c4957
_d4957